00682nam a2200169Ia 4500001000700000008004100007010001100048082001800059100007300077245006000150260000900210300000500219440000500224500027300229503000500502650000500507Z_1187220113s9999 xx 000 0 und d a164272 a636.080913 U3 aUACH. Subdirección de Investigación. Coordinación de Servicios aDiagnóstico integral de la ganadería bovina... /c a  a a arencia de tecnología en la producción de bovinos en el trópico humedo -- v.11 La comercialización del ganado bovino -- v.12 Ganadería bovina en la región Golfo - Sureste -- v.13 Regiones ganaderas bovinas en el trópico humedo -- v.14 Diagnóstico ganade a a